University Home | Library Home | Institutional Repository

owa law review. (Record no. 176264)

MARC details
000 -LEADER
fixed length control field 00407cas2a220015700 4500
001 - CONTROL NUMBER
control field zam00004431
008 - FIXED-LENGTH DATA ELEMENTS--GENERAL INFORMATION
fixed length control field 951212n xx eng u
022 ## - INTERNATIONAL STANDARD SERIAL NUMBER
International Standard Serial Number 0021-0552
035 ## - SYSTEM CONTROL NUMBER
System control number (Sirsi) r21702
035 ## - SYSTEM CONTROL NUMBER
System control number (MACHINE)00886
245 00 - TITLE STATEMENT
Title owa law review.
260 ## - PUBLICATION, DISTRIBUTION, ETC.
Place of publication, distribution, etc. Iowa City :
Name of publisher, distributor, etc. University Iowa.
650 ## - SUBJECT ADDED ENTRY--TOPICAL TERM
Topical term or geographic name entry element Law.
Linkage S3984.1
949 ## - LOCAL PROCESSING INFORMATION (OCLC)
a K1
w lcc
i -20994
m MAIN
p 000
t BOOK
l ON-SHELF

No items available.

© 2026 - The University of Zambia Library - Koha v25.11